00421nam a2200109Ia 4500008004100000100002200041245011200063500007400175650003800249942000700287999001700294181011s9999 xx 000 0 und d aEugene H.Glassman 0aTheological stumbling Blocks in Christian/Muslim Communication and their implications for bible translation aThe Bulletin of Christian Institutes of Islamic Studies Oct -Dec 1981 aInterfaith Relations and Dialogue cBR c21856d21856